| 000 | 00407nam a22001697a 4500 | ||
|---|---|---|---|
| 005 | 20160623153316.0 | ||
| 008 | 160623b xxu||||| |||| 00| 0 eng d | ||
| 020 | _a978-0-521-68259-6 | ||
| 041 | _aeng | ||
| 082 | _b9611 | ||
| 100 |
_aO'Connor, J.D. _92594 |
||
| 245 | _aBetter English Pronunciations | ||
| 260 |
_bcombridge Uni. Press _c2007 |
||
| 300 | _a137 | ||
| 650 |
_aManagement _9241 |
||
| 942 | _cBK | ||
| 999 |
_c3700 _d3699 |
||